000 01062nam a2200277 a 4500
001 000046968
005 20201002053242.0
008 150130s2016 dr abc 000 0 spa d
020 _a9789945 595802(v. 1)
020 _a9789945599640(v.2)
040 _aDO-SdBNP
_bspa
_cBNPHU
082 _axxxx
_bxxxx
100 1 _aRosa, Dolore de la
_974871
245 1 0 _aMatemática 4 :
_bcuarto grado, segundo ciclo educación primaria /
_cMartha Escaño, Dolore de la Rosa Juan Antonio Manzueta Concepción ; ilustraciones Ramón Sandoval, Osvaldo Flowers.
260 _aSanto Domingo :
_bActualidad Escolar 2000,
_c2016.
300 _av. :
_bil., retrs. ;
_c22 cm.
490 1 _aVeraz
505 _av. 1 ;
_tLibro de texto
_gv. 2 :
_tlibro del maestro
590 _aInventariado, 2018/VM
700 1 _aEscaño, Martha
_958486
700 1 _aManzueta Concepción, Juan Antonio
_974872
700 1 _aSandoval, Ramón
_eil.
_910955
700 1 _aFlowers, Osvaldo
_eil..
_974873
710 2 _aActualidad Escolar 2000,(República Dominicana)
_973571
830 0 _aVeraz
_974848
999 _c46456
_d46456